[Event "BAN-chT 1st League"]
[Site "Dhaka"]
[Date "2022.03.19"]
[Round "10.4"]
[White "Islam, Kazi Taherul"]
[Black "Khan, Moniruzzaman"]
[Result "1/2-1/2"]
[WhiteElo "1946"]
[BlackElo "1930"]
[PlyCount "79"]
[EventDate "2022.03.10"]
[EventType "team-tourn"]
[EventRounds "11"]
[EventCountry "BAN"]
[SourceTitle "EXT 2023"]
[Source "ChessBase"]
[SourceDate "2022.10.05"]
[SourceVersion "1"]
[SourceVersionDate "2022.10.05"]
[SourceQuality "1"]
[WhiteTeam "Basir Memorial"]
[BlackTeam "Agrani Bank Daba Dal"]
[WhiteTeamCountry "BAN"]
[BlackTeamCountry "BAN"]

1. Nf3 c5 2. c4 Nf6 3. Nc3 d6 4. d4 cxd4 5. Nxd4 e5 6. Nc2 Be6 7. e4 Nbd7 8. f3 Be7 9. Be3 a5 10. b3 b6 11. Be2 Nc5 12. 0-0 0-0 13. Qd2 Ne8 14. Rfd1 f5 15. Bxc5 bxc5 16. Nd5 Bg5 17. Qd3 fxe4 18. fxe4 Ra7 19. Nce3 Bxe3+ 20. Nxe3 Qg5 21. Rf1 Raf7 22. Rxf7 Rxf7 23. Rf1 Rxf1+ 24. Nxf1 Qc1 25. Qd2 Qxd2 26. Nxd2 Kf8 27. Kf2 Ke7 28. Nb1 Nc7 29. Nc3 Na6 30. a3 Nb8 31. Ke3 Nc6 32. Nb5 Nd4 33. Bd1 g5 34. g4 Kd7 35. Nxd4 cxd4+ 36. Kd3 Kc6 37. b4 Kb6 38. h3 Bd7 39. Bb3 axb4 40. axb4 1/2-1/2

[Event "BAN-chT 1st League"]
[Site "Dhaka"]
[Date "2021.03.06"]
[Round "10.4"]
[White "Islam, Kazi Taherul"]
[Black "Khan, Moniruzzaman"]
[Result "1-0"]
[WhiteElo "1957"]
[BlackElo "1966"]
[PlyCount "61"]
[EventDate "2021.02.25"]
[EventType "team-tourn"]
[EventRounds "11"]
[EventCountry "BAN"]
[SourceTitle "EXT 2022"]
[Source "ChessBase"]
[SourceDate "2021.10.06"]
[SourceVersion "1"]
[SourceVersionDate "2021.10.06"]
[SourceQuality "1"]
[WhiteTeam "Basir Memorial"]
[BlackTeam "Agrani Bank Daba Dal"]
[WhiteTeamCountry "BAN"]
[BlackTeamCountry "BAN"]

1. Nf3 Nf6 2. g3 g6 3. Bg2 Bg7 4. 0-0 0-0 5. c4 d6 6. Nc3 c6 7. d4 Qc7 8. h3 h6 9. e4 e5 10. Re1 a5 11. Be3 Nbd7 12. Qd2 Kh7 13. Rad1 Re8 14. b3 Nf8 15. dxe5 dxe5 16. Bc5 N6d7 17. Bd6 Qd8 18. c5 Qf6 19. Na4 Qd8 20. Bxf8 Bxf8 21. Nb6 Nxb6 22. Qxd8 Rxd8 23. Rxd8 Bxc5 24. Nxe5 Kg7 25. Nc4 Be6 26. Rxa8 Nxa8 27. Rc1 Bb6 28. Nd6 a4 29. bxa4 Bxa2 30. Nxb7 Bb3 31. a5 1-0

[Event "BAN-chT 1st League"]
[Site "Dhaka"]
[Date "2021.03.02"]
[Round "6.4"]
[White "Gias Uddin, Ahmed"]
[Black "Khan, Moniruzzaman"]
[Result "0-1"]
[WhiteElo "1730"]
[BlackElo "1966"]
[PlyCount "80"]
[EventDate "2021.02.25"]
[EventType "team-tourn"]
[EventRounds "11"]
[EventCountry "BAN"]
[SourceTitle "EXT 2022"]
[Source "ChessBase"]
[SourceDate "2021.10.06"]
[SourceVersion "1"]
[SourceVersionDate "2021.10.06"]
[SourceQuality "1"]
[WhiteTeam "Morning Glory"]
[BlackTeam "Agrani Bank Daba Dal"]
[WhiteTeamCountry "BAN"]
[BlackTeamCountry "BAN"]

1. e4 d6 2. d4 Nf6 3. Nc3 g6 4. f3 Bg7 5. Be3 c6 6. Qd2 b5 7. Nge2 a5 8. a3 0-0 9. g4 Ba6 10. b4 Nbd7 11. g5 Nh5 12. Ng3 axb4 13. axb4 Bb7 14. Rd1 Nb6 15. Nxh5 gxh5 16. Be2 e5 17. d5 cxd5 18. Bxb6 Qxb6 19. Nxd5 Bxd5 20. Qxd5 Ra4 21. Qxb5 Rxb4 22. Qxb6 Rxb6 23. Bc4 Rc8 24. Bb3 Kf8 25. Kf2 Ke7 26. Ra1 Rbc6 27. Ra7+ R8c7 28. Rha1 h4 29. Kg2 h6 30. Kh3 hxg5 31. Kg4 Kf6 32. Rxc7 Rxc7 33. Ra8 Kg6 34. Rd8 Rc6 35. Rd7 f6 36. Bf7+ Kh6 37. c4 Rb6 38. Bd5 Rb2 39. c5 Rg2+ 40. Kh3 Rg3+ 0-1

[Event "BAN Walton 1st League"]
[Site "Dhaka"]
[Date "2018.11.04"]
[Round "11.2"]
[White "Rakesh, Kumar Jena"]
[Black "Khan, Moniruzzaman"]
[Result "1-0"]
[WhiteElo "2388"]
[BlackElo "1995"]
[PlyCount "77"]
[EventDate "2018.10.25"]
[EventType "team-tourn"]
[EventRounds "11"]
[EventCountry "BAN"]
[SourceTitle "CBM 187 Extra"]
[Source "ChessBase"]
[SourceDate "2018.11.04"]
[SourceVersion "1"]
[SourceVersionDate "2018.11.04"]
[SourceQuality "1"]
[WhiteTeam "Janata Bank Officer Welfare"]
[BlackTeam "Agrani Bank Daba Dal"]
[WhiteTeamCountry "BAN"]
[BlackTeamCountry "BAN"]

1. Nf3 d5 2. d4 Bf5 3. c4 c6 4. Nc3 e6 5. g3 Nd7 6. Bg2 Be7 7. 0-0 g5 8. cxd5 cxd5 9. Re1 g4 10. Nd2 Ngf6 11. e4 dxe4 12. Ndxe4 Nxe4 13. Nxe4 Nb6 14. Nc3 Qd7 15. d5 Rd8 16. Bf4 Rg8 17. Qe2 Rg6 18. Rad1 Kf8 19. d6 Bg5 20. Bxg5 Rxg5 21. Qe5 Rg6 22. Qh8+ Rg8 23. Qd4 Rg6 24. Bf1 Kg8 25. Bb5 Qc8 26. Re5 Qb8 27. Ne2 Nc8 28. d7 Nb6 29. Nf4 Rg5 30. Rc5 h6 31. Qf6 Kh7 32. Rxf5 exf5 33. Qxf7+ Rg7 34. Qxf5+ Kh8 35. Ng6+ Kg8 36. Qe6+ Kh7 37. Bd3 Rgxd7 38. Ne7+ Kg7 39. Qg6+ 1-0

[Event "BAN Marcel 1st Div"]
[Site "Dhaka"]
[Date "2017.12.31"]
[Round "2.1"]
[White "Khan, Moniruzzaman"]
[Black "Md Emdadul, Haque"]
[Result "0-1"]
[WhiteElo "1981"]
[BlackElo "2018"]
[PlyCount "65"]
[EventDate "2017.12.30"]
[EventType "team-tourn"]
[EventRounds "9"]
[EventCountry "BAN"]
[SourceTitle "CBM 182 Extra"]
[Source "ChessBase"]
[SourceDate "2018.02.23"]
[SourceVersion "1"]
[SourceVersionDate "2018.02.23"]
[SourceQuality "1"]
[WhiteTeam "Agrani Bank Daba Dal"]
[BlackTeam "Hasan Memorial CC"]
[WhiteTeamCountry "BAN"]
[BlackTeamCountry "BAN"]

1. Nf3 d5 2. d4 e6 3. Bf4 c6 4. c3 Bd6 5. Bg3 Nf6 6. Nbd2 Bxg3 7. hxg3 Nbd7 8. e3 Qe7 9. Bd3 c5 10. Qa4 c4 11. Bc2 a6 12. b4 g6 13. 0-0 0-0 14. e4 dxe4 15. Bxe4 Nxe4 16. Nxe4 b5 17. Qa5 Bb7 18. Nc5 Bxf3 19. Nxd7 Qxd7 20. gxf3 Qc6 21. Kg2 g5 22. Rfe1 g4 23. Re3 gxf3+ 24. Kh2 Rfd8 25. Rh1 e5 26. Rxe5 Qh6+ 27. Kg1 Qc1+ 28. Kh2 Qd2 29. Kg1 Rd6 30. Rhh5 Qd1+ 31. Kh2 Qf1 32. Reg5+ Rg6 33. d5 0-1